000 00590nam a2200241 a 4500
001 nice12345678
003 IN_TiNIC
005 20260116012856.0
008 050524s1917 agra grp 000 0 eng
020 _a
_c100
082 0 0 _a220.07
_bCRO
100 _aCrosthwaite, A
245 _aTaswiron Par Suwal Aur Jawab, Roman Urdu
260 _aAgra
_bC.M.S Press
_c1917
300 _a102p
500 _aincludes index and biblioraphy
505 2 _aRoman Urdu
650 _aBible-Study and Teaching
700 1 _aCrosthwaite, A
902 _bSRS
942 _cBK
999 _c8738
_d8738